Bután : Modelo de felicidad /

Mientras que los modelos económicos convencionales observan el crecimiento económico como objetivo principal, Butan se basa en la premisa que el verdadero desarrollo de la sociedad humana se encuentra en la complementación y refuerzo mutuo del desarrollo material y espiritual. Los cuatro pilares son...

Descripción completa

Guardado en:
Autor Principal: Kliksberg, Bernardo
Autor Corporativo: Canal Encuentro.
Formato: Deslizar
Publicado: Argentina, 2013.
Series:El informe Kliksberg: El otro me importa
DVD 1
Materias:
Acceso en línea:https://www.educ.ar/recursos/120771/butan-el-modelo-de-la-felicidad
Etiquetas: Agregar Etiqueta
Sin Etiquetas, Sea el primero en etiquetar este registro!
LEADER 01483ngm a22003255g 4500
001 CEM.cems023801
008 130507s2013##################0###0#####d
005 20250703150511.0
245 1 0 |a Bután :  |b Modelo de felicidad /  |c Bernardo Kliksberg. 
260 |a Argentina,  |c 2013. 
300 |a 27'. 
490 0 |a El informe Kliksberg: El otro me importa 
490 1 |a DVD 1 
520 |a Mientras que los modelos económicos convencionales observan el crecimiento económico como objetivo principal, Butan se basa en la premisa que el verdadero desarrollo de la sociedad humana se encuentra en la complementación y refuerzo mutuo del desarrollo material y espiritual. Los cuatro pilares son: la promoción del desarrollo socioeconómico sostenible e igualitario, la preservación y promoción de valores culturales, la conservación del medio ambiente y el establecimiento de un buen gobierno. 
538 |a Soporte: DVD - Color: Si - Grabación DRD 
500 |a Consultar en ventanilla. 
100 1 |a Kliksberg, Bernardo 
710 2 |a Canal Encuentro. 
082 3 0 |/ KLI-3 
653 |a SOCIEDAD 
653 |a ESTADO 
653 |a ECONOMIA 
653 |a ECONOMIA POLÍTICA 
653 |a POLITICA 
653 |a FELICIDAD 
653 |a BIENESTAR 
653 |a BIENESTAR SOCIAL 
653 |a SERIE DE TELEVISIÓN 
856 |u https://www.educ.ar/recursos/120771/butan-el-modelo-de-la-felicidad 
859 |a CEMS  |b BIB. CEMS - Depto. Recursos Didacticos  |h 301  |i KLI-3  |k DRD  |p 2444.15  |t Ej.1